|
|
|
|
| LEADER |
00000nas a2200000 a 4500 |
| 001 |
ssj0064328 |
| 003 |
WaSeSS |
| 005 |
20200512172242.0 |
| 006 |
m d |
| 007 |
cr n |
| 008 |
100318c19369999pl qr p s o 0 0ger c |
| 010 |
|
|
|a 2011235844
|
| 016 |
7 |
|
|a 101087248
|2 DNLM
|
| 022 |
|
|
|l 0021-4019
|y 0021-4019
|
| 035 |
|
|
|a (WaSeSS)ssj0064328
|
| 040 |
|
|
|a OCLCE
|b eng
|c OCLCE
|d EYM
|d HUL
|d MYG
|d OCLCQ
|d OCLCA
|d OCLCF
|d OCLCO
|d OCLCQ
|d OCL
|d LGG
|d U3W
|d UOK
|d VT2
|d DKU
|d WYU
|d LVT
|d FIE
|d Z5A
|d RCE
|d WY@
|d WaSeSS
|
| 042 |
|
|
|a dlr
|a pcc
|
| 043 |
|
|
|a ee-----
|a e------
|
| 050 |
|
4 |
|a D1
|b .J3
|
| 050 |
|
4 |
|a DR1
|b .J3
|
| 082 |
0 |
4 |
|a 940/.05
|2 19
|
| 245 |
0 |
0 |
|a Jahrbücher für Geschichte Osteuropas
|h [electronic resource].
|
| 260 |
|
|
|a Breslau :
|b Priebatsch's Buchhandlung,
|c 1936-
|
| 310 |
|
|
|a Quarterly
|
| 362 |
0 |
|
|a Jahrg. 1, Heft 1 (1936)-Jahrg. 6, Heft 2/4 (1941) ; N.F., Bd. 1, Heft 1 (1953)-
|
| 500 |
|
|
|a Title from PDF title page (JSTOR, viewed Aug. 12, 2011).
|
| 500 |
|
|
|a Herausgeber: Hans Uebersberger, 1936-1941.
|
| 500 |
|
|
|a Published: Breslau : Thiel & Hintermeier, 1941; München : Isar Verlag, 1953-1959; München : Augsburger Druck- und Verlagshaus, 1960; Wiesbaden : Otto Harrassowitz, 1961-1972; Wiesbaden : F. Steiner Verlag, 1973-
|
| 506 |
|
|
|a License restrictions may limit access.
|
| 515 |
|
|
|a Suspended 1942-1952.
|
| 538 |
|
|
|a Master and use copy. Digital master created according to Benchmark for Faithful Digital Reproductions of Monographs and Serials, Version 1. Digital Library Federation, December 2002.
|u http://purl.oclc.org/DLF/benchrepro0212
|5 MiAaHDL
|
| 550 |
|
|
|a Publication of: Osteuropa-Institut München, 1953-
|
| 555 |
|
|
|a Vol. 1 (1953)-20 (1972). 1 v.; N.F. Bd. 21 (1973)-30 (1982). 1 v.; N.F. Bd. 31 (1983)-40 (1992). 1 v.; N.F. Bd. 41 (1993)-50 (2002). 1 v.
|
| 583 |
1 |
|
|a digitized
|c 2010
|h HathiTrust Digital Library
|l committed to preserve
|2 pda
|5 MiAaHDL
|
| 588 |
|
|
|a Latest issue consulted: N.F., Bd. 54, Heft 4 (2006) (JSTOR, viewed Aug. 12, 2011).
|
| 651 |
|
0 |
|a Europe
|x History
|v Periodicals.
|
| 651 |
|
0 |
|a Europe, Eastern
|x History
|v Periodicals.
|
| 651 |
|
7 |
|a Europe.
|2 fast
|0 (OCoLC)fst01245064
|
| 651 |
|
7 |
|a Eastern Europe.
|2 fast
|0 (OCoLC)fst01245079
|
| 655 |
|
0 |
|a Electronic journals.
|
| 700 |
1 |
|
|a Uebersberger, Hans,
|d 1877-
|
| 710 |
2 |
|
|a Osteuropa-Institut München.
|
| 776 |
0 |
8 |
|i Print version:
|t Jahrbücher für Geschichte Osteuropas
|x 0021-4019
|w (DLC) 41034508
|w (OCoLC)1586336
|
| 780 |
0 |
0 |
|t Jahrbücher für Kultur und Geschichte der Slaven
|w (DLC) 2011235845
|w (OCoLC)565552327
|
| 856 |
4 |
0 |
|z Full text available from Research Library: 01/01/2008 to present
|u https://search.proquest.com/publication/29411
|